Sistema de gestión ambiental para carreteras de concreto asfaltico del orden troncal principal (A). Ministerio de Transporte e infraestructura
Presenta el diseño de un sistema de gestión ambiental para carreteras de concreto asfáltico de orden troncal principal (A), para la División General de Control Técnico y Ambiental del Ministerio de Transporte e infraestructura, sustentado en las normas de la ISO 14001 no certificado, como fue...
| Main Authors: | , |
|---|---|
| Other Authors: | |
| Format: | Tesis Section = Libro |
| Language: | Undetermined Spanish |
| Published: |
Managua
UNI
2001
|
| Subjects: |
| LEADER | 01620nam a2200265Ia 4500 | ||
|---|---|---|---|
| 008 | 240830s9999 xx 000 0 und d | ||
| 040 | |a BIBLIOTECA-RUSB/ T.Mon 333.7 M491 | ||
| 041 | |a spa | ||
| 082 | |a T.Mon 333.7 M491 | ||
| 100 | 1 | |a Medina Mendieta, Daysi Cecilia | |
| 100 | 1 | |b Páramo Zambrana, Alejandro | |
| 245 | 1 | 0 | |a Sistema de gestión ambiental para carreteras de concreto asfaltico del orden troncal principal (A). Ministerio de Transporte e infraestructura |
| 260 | |a Managua |b UNI |c 2001 | ||
| 300 | |a 69 p. :il. | ||
| 500 | |a Contiene: anexos. | ||
| 502 | |a Tesis (Especialista en Gestión y Evaluación de Impacto Ambiental) - UNI, 2001. | ||
| 520 | 3 | |a Presenta el diseño de un sistema de gestión ambiental para carreteras de concreto asfáltico de orden troncal principal (A), para la División General de Control Técnico y Ambiental del Ministerio de Transporte e infraestructura, sustentado en las normas de la ISO 14001 no certificado, como fuente de regulación de una política ambiental de los proyectos viales de rehabilitación o mejoramiento, ejecutados por este Ministerio por la Dirección de General de Vialidad, dentro de un marco global de progreso sostenible, permitiendo mejorar la infraestructura de Transporte Nacional de una manera eficiente y en completa armonía en su relación con el medio ambiente. | |
| 650 | 7 | |a GESTION AMBIENTAL | |
| 650 | 7 | |b PLANIFICACION DE POLITICA AMBIENTAL | |
| 650 | 7 | |c CARRETERAS DE ASFALTOS | |
| 650 | 7 | |d CONTROL AMBIENTAL | |
| 700 | 1 | |a Tutor: |b Milán Pérez, José Antonio | |
| 942 | |c BK |2 ddc | ||
| 991 | |a TESIS | ||
| 999 | |c 21688 | ||